000 00651nam a2200277Ia 4500
005 20260324145356.0
008 008 260324s9999 xx 000 0 eng d
020 _a9780429048746
037 _aEBOOK
040 _aCRL
040 _beng
040 _cCRL
041 _2eng
041 _aeng
084 _qCRL
100 _aRobert Wade
_91222737
245 0 _aIrrigation And Agricultural Politics In South Korea
260 _bTaylor and Francis
260 _c1982
365 _a
365 _b220
856 _uhttp://www.taylorfrancis.com/books/9780429048746
942 _cEBOOK
999 _c1830559
_d1830559